ARRUPE JESUIT UNIVERSITY

CORONAVIRUS -STOP THE SPREAD - CLEAN,DISINFECT,COVER

Bloomsbury / (Record no. 123565)

MARC details
000 -LEADER
fixed length control field 00897cam a2200301 i 4500
001 - CONTROL NUMBER
control field 804437
003 - CONTROL NUMBER IDENTIFIER
control field ARRUPE
005 - DATE AND TIME OF LATEST TRANSACTION
control field 20151020154303.0
008 - FIXED-LENGTH DATA ELEMENTS--GENERAL INFORMATION
fixed length control field 750305s1974 enkacf b 001 0ceng
010 ## - LIBRARY OF CONGRESS CONTROL NUMBER
LC control number 75315095
015 ## - NATIONAL BIBLIOGRAPHY NUMBER
National bibliography number GB74-18914
020 ## - INTERNATIONAL STANDARD BOOK NUMBER
International Standard Book Number 0860077012 :
Terms of availability £0.80
040 ## - CATALOGING SOURCE
Original cataloging agency DLC
Transcribing agency DLC
Modifying agency DLC
043 ## - GEOGRAPHIC AREA CODE
Geographic area code e-uk-en
050 00 - LIBRARY OF CONGRESS CALL NUMBER
Classification number PR471.
Item number .B4 1974
082 00 - DEWEY DECIMAL CLASSIFICATION NUMBER
Classification number 700/.92/242142
Edition number 21
300 ## - PHYSICAL DESCRIPTION
Other physical details ill., ports. ;
Dimensions 20 cm.
100 1# - MAIN ENTRY--PERSONAL NAME
Personal name Bell, Quentin.
9 (RLIN) 20393
245 10 - TITLE STATEMENT
Title Bloomsbury /
Statement of responsibility, etc Quentin Bell.
260 ## - PUBLICATION, DISTRIBUTION, ETC. (IMPRINT)
Place of publication, distribution, etc London :
Name of publisher, distributor, etc Futura Publications Ltd.,
Date of publication, distribution, etc 1974.
300 ## - PHYSICAL DESCRIPTION
Extent 94 p.;
490 0# - SERIES STATEMENT
Series statement An Omega book
500 ## - GENERAL NOTE
General note Includes index.
504 ## - BIBLIOGRAPHY, ETC. NOTE
Bibliography, etc Bibliography: p. 89.
650 #0 - SUBJECT ADDED ENTRY--TOPICAL TERM
Topical term or geographic name as entry element English literature
General subdivision History and criticism.
Chronological subdivision 20th century
9 (RLIN) 20394
651 #0 - SUBJECT ADDED ENTRY--GEOGRAPHIC NAME
Geographic name London
General subdivision Intellectual life
9 (RLIN) 20311
906 ## - LOCAL DATA ELEMENT F, LDF (RLIN)
a 7
b cbc
c orignew
d 3
e ncip
f 19
g y-gencatlg
942 ## - ADDED ENTRY ELEMENTS (KOHA)
Source of classification or shelving scheme Library of Congress Classification
Koha item type Monograph ( Printed materials)
Holdings
Withdrawn status Lost status Source of classification or shelving scheme Damaged status Not for loan Collection code Home library Current library Shelving location Date acquired Total Checkouts Full call number Barcode Date last seen Price effective from Koha item type
    Library of Congress Classification     Main Collection ARRUPE LIBRARY ARRUPE LIBRARY Main Collection 20/10/2015   PR471.B4 1974 46500005511 20/10/2015 20/10/2015 Monograph ( Printed materials)

 

Arrupe Library. PO Box MP320 Mt Pleasant, Harare, Zimbabwe
263 242 745411|librarian@aju.ac.zw